Score 0/30 Timer 06:00
23 Plays Today
Number Answer % Correct
Pringles
91.3%
Firefox
90.4%
PlayStation
89.7%
Amazon
89.7%
Monster Energy
84.2%
Dunkin' Donuts
83.7%
Calvin Klein
82.2%
Polo Ralph Lauren
82%
National Broadcasting Company
78.7%
Gatorade
77.3%
Wilson
73.8%
Reebok International
68.2%
World Wildlife Fund
62.8%
BlackBerry
53.6%
Rockstar Games
53.2%
Number Answer % Correct
Bacardi & Company
52.9%
United States Postal Service
52.8%
Waste Management, Inc.
46.3%
Goodyear Tire and Rubber Company
44.9%
Quiksilver
40%
Abercrombie & Fitch
29.2%
Air Canada
28.2%
Maxwell House
25.9%
Merrill Lynch
24.9%
Jamba Juice
24.7%
New Line Cinema
20.9%
Sirius Satellite Radio
17.3%
Columbia Sportswear
16.6%
Rhapsody
11.2%
Sun Life Financial
8.4%
Come Together.
Have Fun.
All Virtual.
We all need to come together. Play Sporcle's virtual live trivia to have fun, connect with people, and get your trivia on. Join a live hosted trivia game for your favorite pub trivia experience done virtually. If a virtual private party is more your thing, go here for details.

You're not logged in!

Compare scores with friends on all Sporcle quizzes.
OR
Log In

Sporcle TV

Today on Sporcle TV


Watch our educational content, quiz creation guides, and fun videos on Sporcle TV.

Show Comments

Extras

Top Quizzes Today


Score Distribution

Paid Content

Your Account Isn't Verified!

In order to create a playlist on Sporcle, you need to verify the email address you used during registration. Go to your Sporcle Settings to finish the process.

Report this User

Report this user for behavior that violates our Community Guidelines.

Details: